Geo Grid #2 - Statistics

General Stats
  • This quiz has been taken 29 times
  • The average score is 44 of 50
Answer Stats
Question Tile Select % Correct
Correct spellings of countries Argentino No
100%
Correct spellings of countries Gyrkyzstan No
100%
Correct spellings of countries Mongolio No
100%
Correct spellings of countries Nomgolia No
100%
Correct spellings of countries Argentiina No
96%
Correct spellings of countries Argentina Yes
96%
Correct spellings of countries Argetina No
96%
Correct spellings of countries Cazacstan No
96%
Correct spellings of countries Guatemaila No
96%
Correct spellings of countries Guatemla No
96%
Correct spellings of countries Gwatemala No
96%
Correct spellings of countries Kazakhsttan No
96%
Correct spellings of countries Kyrzygstan No
96%
Countries bordering China Malaysia No
96%
Correct spellings of countries Mangolia No
96%
Correct spellings of countries Monglia No
96%
Countries bordering China Ukraine No
96%
Countries bordering China United States No
96%
Correct spellings of countries Argantina No
93%
Correct spellings of countries Gutemala No
93%
Countries bordering China Indonesia No
93%
Correct spellings of countries Kazahstan No
93%
Correct spellings of countries Kazakstan No
93%
Correct spellings of countries Kygryzstan No
93%
Correct spellings of countries Kyrkyzstan No
93%
Correct spellings of countries Mongolia Yes
93%
Countries bordering China Philippines No
93%
Countries bordering China Singapore No
93%
Countries bordering China South Korea No
93%
Correct spellings of countries Kazakhstan Yes
89%
Correct spellings of countries Kyrgyzstan Yes
89%
Countries bordering China North Korea Yes
89%
Countries bordering China Taiwan No
89%
Countries bordering China Turkmenistan No
89%
Countries bordering China Uzbekistan No
89%
Countries bordering China Japan No
85%
Countries bordering China Mongolia Yes
85%
Countries bordering China Nepal Yes
85%
Correct spellings of countries Guatemala Yes
81%
Countries bordering China India Yes
81%
Countries bordering China Russia Yes
81%
Countries bordering China Bhutan Yes
78%
Countries bordering China Myanmar Yes
70%
Countries bordering China Vietnam Yes
70%
Countries bordering China Laos Yes
67%
Countries bordering China Kyrgyzstan Yes
59%
Countries bordering China Afghanistan Yes
56%
Countries bordering China Pakistan Yes
56%
Countries bordering China Tajikistan Yes
56%
Countries bordering China Kazakhstan Yes
48%
No matching quizzes found
Score Distribution
Percent of People with Each Score
Percentile by Number Answered
Your Score History
You have not taken this quiz